| 000 | 00000nam##2200000za#4500 |
| 001 | 9.619135 |
| 003 | CaOODSP |
| 005 | 20210615103302 |
| 007 | ta |
| 008 | 150406|2007||||xxc||||| f|0| 0 eng|d |
| 040 | |aCaOODSP|beng |
| 043 | |an-cn--- |
| 086 | 1 |aNH18-24/54-2007E |
| 110 | 2 |aCanada Mortgage and Housing Corporation. |
| 245 | 10|aUnderstanding your new home sales contract |
| 260 | |bCanada Mortgage and Housing Corporation |cc2004, revised 2007. |
| 300 | |a11, [1]p. : |btables ; |c28 cm. |
| 490 | 1 |aAbout your house |vCE54 |
| 563 | |aPamphlet |
| 590 | |a08-48|b2008-11-28 |
| 775 | 08|tComprendre le contrat de vente de votre maison neuve |w(CaOODSP)9.628089 |
| 776 | 0#|tUnderstanding your new home sales contract |w(CaOODSP)9.565204 |
| 830 | #0|aAbout your house ;|vCE54|w(CaOODSP)9.514828 |
| 986 | |a63492 |